[Event "GBR-ch72"]
[Site "Edinburgh"]
[Date "1985.08.06"]
[Round "8.29"]
[White "Eke, Matthew A"]
[Black "Upton, Timothy J"]
[Result "0-1"]
[WhiteElo "2128"]
[BlackElo "2305"]
[PlyCount "144"]
[EventDate "1985.07.29"]
[EventType "swiss"]
[EventRounds "11"]
[EventCountry "GBR"]
[SourceTitle "BritBase"]
[Source "John Saunders"]
[SourceDate "2020.09.07"]
[SourceVersion "1"]
[SourceVersionDate "2020.09.07"]
[SourceQuality "2"]

1. d4 d5 2. c4 e6 3. Nc3 Be7 4. Nf3 Nf6 5. Bg5 O-O 6. e3 h6 7. Bh4 b6 8. Bd3
Bb7 9. cxd5 exd5 10. O-O Nbd7 11. Bf5 g6 12. Bc2 Ne4 13. Bxe7 Qxe7 14. Ba4 c6
15. Rc1 Rac8 16. Qe2 f5 17. Rc2 Qd6 18. Rfc1 Kh8 19. Ne5 Nxe5 20. dxe5 Qe6 21.
f4 c5 22. Nxe4 fxe4 23. Rd2 a6 24. Bd1 Rfd8 25. Qg4 Qxg4 26. Bxg4 Rc7 27. h4 h5
28. Bh3 Re7 29. Rcd1 Kg7 30. Kf2 a5 31. g4 hxg4 32. Bxg4 Rh8 33. Kg3 b5 34.
Rxd5 Bxd5 35. Rxd5 Rc7 36. h5 gxh5 37. Bh3 b4 38. b3 a4 39. f5 c4 40. bxc4 Rb8
41. f6+ Kf7 42. Bf5 Ra7 43. Bxe4 b3 44. axb3 a3 45. Rd1 a2 46. Ra1 Rxb3 47. Kf4
Rb2 48. Bd5+ Kg6 49. Be4+ Kf7 50. Bd5+ Kg6 51. c5 Rf2+ 52. Kg3 Rd2 53. Be4+ Kg5
54. Kf3 h4 55. c6 h3 56. Kg3 h2 57. Bg2 Kf5 58. Kxh2 Kxe5 59. Kg3 Kxf6 60. Bf1
Ke5 61. Bc4 Kd6 62. e4 Kxc6 63. Kf4 Kc5 64. Bg8 Rg2 65. Bd5 Ra3 66. Rc1+ Kd6
67. Ra1 Rf2+ 68. Kg5 Ke5 69. Kg4 Rb2 70. Kh5 Ra5 71. Kg4 Rxd5 72. exd5 Kxd5 0-1

[Event "GBR-ch72"]
[Site "Edinburgh"]
[Date "1985.08.06"]
[Round "8.30"]
[White "Lane, Gary William"]
[Black "Vaidya, Arun"]
[Result "1/2-1/2"]
[WhiteElo "2330"]
[BlackElo "2365"]
[PlyCount "117"]
[EventDate "1985.07.29"]
[EventType "swiss"]
[EventRounds "11"]
[EventCountry "GBR"]
[SourceTitle "BritBase"]
[Source "John Saunders"]
[SourceDate "2020.09.07"]
[SourceVersion "1"]
[SourceVersionDate "2020.09.07"]
[SourceQuality "2"]

1. e4 e6 2. d4 d5 3. Nd2 b6 4. Ngf3 Nf6 5. e5 Nfd7 6. c3 Be7 7. Be2 Ba6 8. O-O
Bxe2 9. Qxe2 c5 10. Re1 Qc8 11. c4 Qb7 12. Nf1 dxc4 13. Qxc4 b5 14. Qe2 O-O 15.
d5 Qxd5 16. Qxb5 c4 17. Qa4 Nb6 18. Qc2 Nc6 19. a3 Rfd8 20. Be3 Qd3 21. Rac1
Na5 22. N1d2 Rac8 23. Qc3 Qxc3 24. Rxc3 h6 25. Rc2 Rb8 26. Rec1 a6 27. Bd4 Bg5
28. Bxb6 Rxb6 29. Nxg5 hxg5 30. h3 Rd3 31. Nxc4 Nxc4 32. Rxc4 Rxb2 33. Ra4 Ra2
34. Rxa6 Rdxa3 35. Rxa3 Rxa3 36. Rc2 Kh7 37. Re2 Kg6 38. Kh2 Kf5 39. g3 Ra5 40.
Re3 Rxe5 41. Rf3+ Kg6 42. Ra3 f5 43. Kg2 Rb5 44. Ra6 Kf6 45. Rc6 Rb4 46. Ra6 g4
47. hxg4 Rxg4 48. Rb6 Ra4 49. Rb3 g5 50. Rc3 g4 51. Rb3 Rc4 52. Ra3 e5 53. Rb3
Rc5 54. Ra3 Kg5 55. Rb3 f4 56. gxf4+ Kxf4 57. Rb8 e4 58. Rf8+ Rf5 59. Re8
1/2-1/2

[Event "GBR-ch72"]
[Site "Edinburgh"]
[Date "1985.08.06"]
[Round "8.31"]
[White "Morrison, Chris"]
[Black "Horner, Jeff"]
[Result "0-1"]
[WhiteElo "2205"]
[BlackElo "2375"]
[PlyCount "50"]
[EventDate "1985.07.29"]
[EventType "swiss"]
[EventRounds "11"]
[EventCountry "GBR"]
[SourceTitle "BritBase"]
[Source "John Saunders"]
[SourceDate "2020.09.07"]
[SourceVersion "1"]
[SourceVersionDate "2020.09.07"]
[SourceQuality "2"]

1. e4 e5 2. Nf3 Nc6 3. Bc4 Bc5 4. d3 Nf6 5. O-O d6 6. a4 Bg4 7. h3 Bh5 8. c3 a5
9. Re1 Qd7 10. Nbd2 g5 11. g4 Nxg4 12. hxg4 Qxg4+ 13. Kf1 Qh3+ 14. Ke2 g4 15.
Ng5 Qh4 16. d4 exd4 17. f4 gxf3+ 18. Ndxf3 Ne5 19. Bxf7+ Nxf7 20. cxd4 Nxg5 21.
Bxg5 Qxg5 22. dxc5 Rf8 23. Rf1 O-O-O 24. Ra3 dxc5 25. Qb3 Qd2# 0-1

[Event "GBR-ch72"]
[Site "Edinburgh"]
[Date "1985.08.06"]
[Round "8.32"]
[White "Richardson, Kevin D"]
[Black "Branford, John W"]
[Result "0-1"]
[WhiteElo "2112"]
[BlackElo "2255"]
[PlyCount "84"]
[EventDate "1985.07.29"]
[EventType "swiss"]
[EventRounds "11"]
[EventCountry "GBR"]
[SourceTitle "BritBase"]
[Source "John Saunders"]
[SourceDate "2020.09.07"]
[SourceVersion "1"]
[SourceVersionDate "2020.09.07"]
[SourceQuality "2"]

1. e4 c6 2. d4 d5 3. exd5 cxd5 4. Bd3 Nc6 5. c3 g6 6. Bf4 Bg7 7. Nf3 Nh6 8. O-O
Bf5 9. Re1 Bxd3 10. Qxd3 f6 11. c4 O-O 12. Nc3 dxc4 13. Qxc4+ Nf7 14. Na4 e5
15. dxe5 Ncxe5 16. Nxe5 fxe5 17. Bxe5 b5 18. Qxb5 Nxe5 19. Rxe5 Bxe5 20. Qxe5
Qd2 21. Qe6+ Kg7 22. Qe5+ Kh6 23. Rf1 Rae8 24. Qc3 Re2 25. Qxd2+ Rxd2 26. g3 g5
27. h3 Kg6 28. Kg2 h5 29. a3 g4 30. hxg4 hxg4 31. b4 Rf3 32. Nc5 Rxa3 33. Rc1
Raa2 34. Ne4 Rdc2 35. Re1 Re2 36. Rxe2 Rxe2 37. Nd6 Rb2 38. b5 Kf6 39. Nc8 Rxb5
40. Nxa7 Rc5 41. Kf1 Ke5 42. Ke2 Ke4 0-1

[Event "GBR-ch72"]
[Site "Edinburgh"]
[Date "1985.08.06"]
[Round "8.33"]
[White "Gallagher, Joseph G"]
[Black "Wallace, D.."]
[Result "1-0"]
[WhiteElo "2310"]
[BlackElo "1965"]
[PlyCount "29"]
[EventDate "1985.07.29"]
[EventType "swiss"]
[EventRounds "11"]
[EventCountry "GBR"]
[SourceTitle "BritBase"]
[Source "John Saunders"]
[SourceDate "2020.09.07"]
[SourceVersion "1"]
[SourceVersionDate "2020.09.07"]
[SourceQuality "2"]

1. e4 Nf6 2. e5 Nd5 3. d4 d6 4. Nf3 Bg4 5. Be2 c6 6. O-O Nd7 7. Ng5 Bxe2 8.
Qxe2 h6 9. Qh5 g6 10. e6 hxg5 11. exd7+ Qxd7 12. Qxh8 O-O-O 13. Qh3 g4 14. Qg3
Bg7 15. c4 1-0

[Event "GBR-ch72"]
[Site "Edinburgh"]
[Date "1985.08.06"]
[Round "8.34"]
[White "Lalic, Susan Kathryn"]
[Black "Singh, Sukh Dave"]
[Result "1-0"]
[WhiteElo "2050"]
[BlackElo "2080"]
[PlyCount "61"]
[EventDate "1985.07.29"]
[EventType "swiss"]
[EventRounds "11"]
[EventCountry "GBR"]
[SourceTitle "BritBase"]
[Source "John Saunders"]
[SourceDate "2020.09.07"]
[SourceVersion "1"]
[SourceVersionDate "2020.09.07"]
[SourceQuality "2"]

1. e4 c6 2. d4 d5 3. Nd2 dxe4 4. Nxe4 Nf6 5. Nxf6+ gxf6 6. Be2 Bf5 7. Nf3 Qc7
8. c4 Nd7 9. d5 Bg6 10. O-O c5 11. Qa4 Bg7 12. Re1 O-O 13. Nh4 Rfe8 14. g3 a6
15. Nxg6 hxg6 16. Be3 f5 17. Qc2 Be5 18. Rad1 Nf6 19. f4 Bd6 20. Bf3 Kg7 21.
Bd2 b5 22. b3 b4 23. Bc1 Rh8 24. Bb2 Rh3 25. Be5 Rah8 26. Rd2 Rd8 27. Rde2 a5
28. Qb2 Rhh8 29. Bxd6 exd6 30. Re7 Rd7 31. R1e6 1-0

[Event "GBR-ch72"]
[Site "Edinburgh"]
[Date "1985.08.06"]
[Round "8.35"]
[White "Lewis, David Rhys"]
[Black "Mannion, Stephen R"]
[Result "0-1"]
[WhiteElo "1885"]
[BlackElo "2215"]
[PlyCount "70"]
[EventDate "1985.07.29"]
[EventType "swiss"]
[EventRounds "11"]
[EventCountry "GBR"]
[SourceTitle "BritBase"]
[Source "John Saunders"]
[SourceDate "2020.09.07"]
[SourceVersion "1"]
[SourceVersionDate "2020.09.07"]
[SourceQuality "2"]

1. e4 e5 2. Nf3 Nc6 3. Bb5 a6 4. Ba4 Nf6 5. Qe2 b5 6. Bb3 Be7 7. c3 d6 8. O-O
O-O 9. d3 Na5 10. Bc2 c5 11. h3 Re8 12. Be3 Bb7 13. Nbd2 Rc8 14. a4 Nc6 15. Nh2
d5 16. axb5 axb5 17. f4 b4 18. fxe5 Nxe5 19. Bf2 Ng6 20. Qf3 Bd6 21. Rfe1 Be5
22. Nb1 b3 23. Bxb3 dxe4 24. dxe4 Bxe4 25. Qd1 Qc7 26. Nf3 Rcd8 27. Nbd2 Bxf3
28. gxf3 Qd7 29. Bxc5 Qxh3 30. Bxf7+ Kxf7 31. Qb3+ Re6 32. Re2 Nf4 33. Rh2 Qg3+
34. Kh1 Rxd2 35. Rxd2 Qxf3+ 0-1

[Event "GBR-ch72"]
[Site "Edinburgh"]
[Date "1985.08.06"]
[Round "8.36"]
[White "Walker, RH.."]
[Black "Gregory, Stephen J"]
[Result "0-1"]
[WhiteElo "2180"]
[BlackElo "2152"]
[PlyCount "80"]
[EventDate "1985.07.29"]
[EventType "swiss"]
[EventRounds "11"]
[EventCountry "GBR"]
[SourceTitle "BritBase"]
[Source "John Saunders"]
[SourceDate "2020.09.07"]
[SourceVersion "1"]
[SourceVersionDate "2020.09.07"]
[SourceQuality "2"]

1. d4 Nf6 2. c4 Nc6 3. Nf3 d6 4. d5 Ne5 5. Bf4 Ng6 6. Bg3 e6 7. Nc3 Be7 8. e4
O-O 9. Bd3 e5 10. c5 Ne8 11. cxd6 cxd6 12. Rc1 a6 13. Qc2 h5 14. h3 h4 15. Bh2
Bd7 16. Ke2 Bg5 17. Rcg1 Bh6 18. Rb1 Nf6 19. Rhe1 Nh5 20. Kf1 Qf6 21. Be2 Ngf4
22. Bxf4 Nxf4 23. Nh2 Nxe2 24. Qxe2 Bf4 25. Ng4 Qg6 26. Ne3 b5 27. Qf3 Rfc8 28.
Ne2 Qg5 29. Rec1 Bxe3 30. fxe3 f5 31. Rxc8+ Rxc8 32. exf5 Qxf5 33. e4 Qxf3+ 34.
gxf3 Bxh3+ 35. Kf2 Kf7 36. b4 Bd7 37. Rc1 Rxc1 38. Nxc1 Kf6 39. Nd3 g5 40. Kg2
g4 0-1

[Event "GBR-ch72"]
[Site "Edinburgh"]
[Date "1985.08.06"]
[Round "8.37"]
[White "Wiley, Tom E"]
[Black "Adams, Michael"]
[Result "0-1"]
[WhiteElo "2225"]
[BlackElo "2360"]
[PlyCount "58"]
[EventDate "1985.07.29"]
[EventType "swiss"]
[EventRounds "11"]
[EventCountry "GBR"]
[SourceTitle "BritBase"]
[Source "John Saunders"]
[SourceDate "2020.09.07"]
[SourceVersion "1"]
[SourceVersionDate "2020.09.07"]
[SourceQuality "2"]

1. c4 e5 2. Nc3 Nf6 3. g3 Bb4 4. Bg2 O-O 5. Nf3 Re8 6. O-O Bxc3 7. dxc3 Nc6 8.
Ne1 d6 9. Nc2 Be6 10. Ne3 h6 11. Nd5 Nh7 12. e4 Ne7 13. Qe2 Qd7 14. Rd1 b6 15.
Be3 Ng6 16. Bd2 Rf8 17. Rf1 Rae8 18. Rad1 f5 19. exf5 Bxf5 20. Ne3 Nf4 21. gxf4
exf4 22. Kh1 Ng5 23. Bd5+ Kh8 24. Rg1 fxe3 25. Bxe3 Nh3 26. Qh5 Rxe3 27. fxe3
Nf2+ 28. Kg2 Bg4 29. Qg6 Nxd1 0-1

[Event "GBR-ch72"]
[Site "Edinburgh"]
[Date "1985.08.07"]
[Round "9.2"]
[White "Miles, Anthony J"]
[Black "Johansen, Darryl Keith"]
[Result "1-0"]
[WhiteElo "2560"]
[BlackElo "2410"]
[PlyCount "77"]
[EventDate "1985.07.29"]
[EventType "swiss"]
[EventRounds "11"]
[EventCountry "GBR"]
[SourceTitle "BritBase"]
[Source "John Saunders"]
[SourceDate "2020.09.07"]
[SourceVersion "1"]
[SourceVersionDate "2020.09.07"]
[SourceQuality "2"]

1. d4 Nf6 2. c4 d6 3. Nc3 g6 4. e4 Bg7 5. Nge2 e5 6. d5 c6 7. Ng3 a6 8. Be2 h5
9. Bg5 cxd5 10. exd5 Nbd7 11. O-O Qc7 12. Rc1 h4 13. Nge4 Nxe4 14. Nxe4 f5 15.
Nc3 h3 16. g4 b6 17. gxf5 gxf5 18. Kh1 Nf6 19. f4 e4 20. b4 Kf8 21. Rg1 Bd7 22.
Rg3 Re8 23. Qf1 Ng4 24. Bxg4 fxg4 25. f5 Re5 26. f6 Bh6 27. Bxh6+ Rxh6 28. Qf4
Rg6 29. Nxe4 Bf5 30. Re3 Qd8 31. Ng3 Rxe3 32. Qxe3 Bd7 33. Rf1 Be8 34. Ne4 Bf7
35. Ng5 Qd7 36. Nxf7 Qxf7 37. Qxb6 Qd7 38. f7 Qc8 39. Qd4 1-0

[Event "GBR-ch72"]
[Site "Edinburgh"]
[Date "1985.08.07"]
[Round "9.3"]
[White "Hebden, Mark L"]
[Black "Flear, Glenn C"]
[Result "0-1"]
[WhiteElo "2455"]
[BlackElo "2475"]
[PlyCount "58"]
[EventDate "1985.07.29"]
[EventType "swiss"]
[EventRounds "11"]
[EventCountry "GBR"]
[SourceTitle "BritBase"]
[Source "John Saunders"]
[SourceDate "2020.09.07"]
[SourceVersion "1"]
[SourceVersionDate "2020.09.07"]
[SourceQuality "2"]

1. e4 e5 2. f4 Bc5 3. Nf3 d5 4. Nxe5 Nf6 5. d4 Bb6 6. Nc3 dxe4 7. Be3 O-O 8.
Bc4 Nc6 9. Qd2 Nxd4 10. O-O-O c5 11. Na4 Bg4 12. Nxb6 Qxb6 13. Nxg4 Nxg4 14.
Rhe1 Rad8 15. Qc3 Rfe8 16. Bg1 Qh6 17. Kb1 Qxf4 18. Rf1 Ne6 19. Bxe6 Rxd1+ 20.
Rxd1 fxe6 21. Qxc5 e3 22. Re1 Rd8 23. Qe7 Qd4 24. Qxe6+ Kh8 25. Rc1 Qd2 26. b3
e2 27. h3 Nf6 28. Qe3 Qxe3 29. Bxe3 Ne4 0-1

[Event "GBR-ch72"]
[Site "Edinburgh"]
[Date "1985.08.07"]
[Round "9.4"]
[White "Chandler, Murray G"]
[Black "Rogers, Ian"]
[Result "1/2-1/2"]
[WhiteElo "2525"]
[BlackElo "2510"]
[PlyCount "104"]
[EventDate "1985.07.29"]
[EventType "swiss"]
[EventRounds "11"]
[EventCountry "GBR"]
[SourceTitle "BritBase"]
[Source "John Saunders"]
[SourceDate "2020.09.07"]
[SourceVersion "1"]
[SourceVersionDate "2020.09.07"]
[SourceQuality "2"]

1. e4 c6 2. d4 d5 3. Nd2 dxe4 4. Nxe4 Nd7 5. Nf3 Ngf6 6. Ng3 g6 7. Bc4 Bg7 8.
O-O O-O 9. Re1 Nb6 10. Bb3 Bg4 11. c3 a5 12. h3 Bxf3 13. Qxf3 a4 14. Bc2 Re8
15. b3 axb3 16. Bxb3 Nbd5 17. c4 Nc7 18. Bb2 Ra6 19. Rad1 e6 20. Ne2 b5 21. Nc3
Qa8 22. Bc1 bxc4 23. Bxc4 Ra5 24. Bd2 Ra3 25. Bb3 Ncd5 26. Rc1 Rb8 27. Nxd5
Nxd5 28. Rc4 Rxa2 29. Bxa2 Qxa2 30. Qd3 Rb3 31. Rc2 Rxd3 32. Rxa2 h5 33. Rc1
Bxd4 34. Rxc6 Rb3 35. Kf1 Kg7 36. Rc4 Bc3 37. Bxc3+ Nxc3 38. Ra1 Nd5 39. h4 Rb7
40. g3 Nf6 41. Rca4 Ng4 42. Ra7 Rb2 43. R1a2 Rb5 44. Kg2 Rf5 45. R7a5 Nf6 46.
Rxf5 gxf5 47. Kf3 Nd5 48. Ra8 Kh7 49. Ke2 Kg7 50. Kd3 Nf6 51. Kd4 Kg6 52. f3
Kg7 1/2-1/2

[Event "GBR-ch72"]
[Site "Edinburgh"]
[Date "1985.08.07"]
[Round "9.5"]
[White "Pritchett, Craig William"]
[Black "Hartston, William Roland"]
[Result "1/2-1/2"]
[WhiteElo "2395"]
[BlackElo "2430"]
[PlyCount "67"]
[EventDate "1985.07.29"]
[EventType "swiss"]
[EventRounds "11"]
[EventCountry "GBR"]
[SourceTitle "BritBase"]
[Source "John Saunders"]
[SourceDate "2020.09.07"]
[SourceVersion "1"]
[SourceVersionDate "2020.09.07"]
[SourceQuality "2"]

1. e4 e5 2. Nf3 Nc6 3. Bb5 a6 4. Ba4 Nf6 5. O-O Be7 6. Re1 b5 7. Bb3 d6 8. c3
O-O 9. h3 Na5 10. Bc2 c5 11. d4 Qc7 12. Nbd2 Bd7 13. Nf1 cxd4 14. cxd4 Rac8 15.
Re2 Rfe8 16. Ng3 g6 17. Bg5 Kg7 18. Rc1 Ng8 19. Bd3 Qd8 20. Bd2 Rxc1 21. Qxc1
exd4 22. Nxd4 Bf6 23. Be3 Ne7 24. Rc2 d5 25. b3 Kg8 26. Qa3 Bc8 27. Rd2 Bb7 28.
Qc5 Be5 29. Nde2 Bd6 30. Qc1 Nac6 31. Bb1 Qb8 32. Rd1 Rc8 33. Bg5 Be5 34. Qe3
1/2-1/2

[Event "GBR-ch72"]
[Site "Edinburgh"]
[Date "1985.08.07"]
[Round "9.6"]
[White "Hodgson, Julian M"]
[Black "Basman, Michael John"]
[Result "1-0"]
[WhiteElo "2445"]
[BlackElo "2400"]
[PlyCount "63"]
[EventDate "1985.07.29"]
[EventType "swiss"]
[EventRounds "11"]
[EventCountry "GBR"]
[SourceTitle "BritBase"]
[Source "John Saunders"]
[SourceDate "2020.09.07"]
[SourceVersion "1"]
[SourceVersionDate "2020.09.07"]
[SourceQuality "2"]

1. e4 e6 2. d4 a6 3. Nf3 b5 4. Bd3 c5 5. c3 Bb7 6. O-O Nf6 7. Re1 h6 8. Nbd2
Be7 9. a4 b4 10. Qe2 bxc3 11. bxc3 cxd4 12. cxd4 Nc6 13. Rb1 Nb4 14. d5 exd5
15. e5 Nh7 16. Nd4 Ng5 17. Nf5 Ne6 18. Nf1 a5 19. N1g3 g6 20. Nd6+ Bxd6 21.
exd6 Qh4 22. Bb5 Ba6 23. Bxa6 Rxa6 24. f4 Rxd6 25. Qe5 O-O 26. Qxd6 d4 27. Bd2
Nc2 28. Rf1 Ne3 29. Bxe3 dxe3 30. Rb8 Rxb8 31. Qxb8+ Kh7 32. Qe5 1-0

[Event "GBR-ch72"]
[Site "Edinburgh"]
[Date "1985.08.07"]
[Round "9.7"]
[White "Thipsay, Praveen Mahadeo"]
[Black "Hawksworth, John C"]
[Result "1-0"]
[WhiteElo "2495"]
[BlackElo "2370"]
[PlyCount "81"]
[EventDate "1985.07.29"]
[EventType "swiss"]
[EventRounds "11"]
[EventCountry "GBR"]
[SourceTitle "BritBase"]
[Source "John Saunders"]
[SourceDate "2020.09.07"]
[SourceVersion "1"]
[SourceVersionDate "2020.09.07"]
[SourceQuality "2"]

1. e4 e5 2. Nf3 Nf6 3. d4 Nxe4 4. Bd3 d5 5. Nxe5 Nd7 6. Qe2 Nxe5 7. Bxe4 dxe4
8. Qxe4 Be6 9. Qxe5 Qd7 10. Be3 O-O-O 11. Qa5 Bd5 12. Nc3 Bxg2 13. Rg1 Qc6 14.
Nb5 Qc4 15. Nc3 Bb4 16. Qf5+ Kb8 17. Qd3 Qc6 18. O-O-O Bxc3 19. Qxc3 Qxc3 20.
bxc3 Bd5 21. Rxg7 Bxa2 22. Bf4 Rdg8 23. Rdg1 Rxg7 24. Rxg7 Kc8 25. Be5 h6 26.
f4 h5 27. f5 h4 28. Rg5 Rh6 29. Rg8+ Kd7 30. f6 Bd5 31. Rb8 Rg6 32. c4 Be4 33.
Kd2 Ke6 34. Ke3 Bh1 35. Kf4 Rg2 36. Re8+ Kd7 37. Re7+ Kd8 38. Rxf7 Rxc2 39. Rh7
Rxc4 40. Rh8+ Kd7 41. f7 1-0

[Event "GBR-ch72"]
[Site "Edinburgh"]
[Date "1985.08.07"]
[Round "9.8"]
[White "King, Daniel J"]
[Black "Conquest, Stuart"]
[Result "1-0"]
[WhiteElo "2435"]
[BlackElo "2345"]
[PlyCount "67"]
[EventDate "1985.07.29"]
[EventType "swiss"]
[EventRounds "11"]
[EventCountry "GBR"]
[SourceTitle "BritBase"]
[Source "John Saunders"]
[SourceDate "2020.09.07"]
[SourceVersion "1"]
[SourceVersionDate "2020.09.07"]
[SourceQuality "2"]

1. e4 c6 2. d4 d5 3. exd5 cxd5 4. c4 Nf6 5. Nc3 e6 6. Nf3 Be7 7. cxd5 Nxd5 8.
Bd3 Nc6 9. O-O O-O 10. Re1 Bf6 11. Be4 Nce7 12. Ne5 g6 13. Bh6 Bg7 14. Bxg7
Kxg7 15. Qf3 Rb8 16. Qg3 Qd6 17. Bxd5 exd5 18. Rad1 Nf5 19. Qf4 Be6 20. g4 Nh4
21. Rd3 Qd8 22. g5 Nf5 23. Ng4 Qd6 24. Re5 Rbd8 25. Ne2 Bd7 26. Nf6 h6 27. Ng3
hxg5 28. Ngh5+ Kh6 29. Ng4+ Kh7 30. Qxg5 gxh5 31. Nf6+ Qxf6 32. Qxf6 Rg8+ 33.
Kf1 Ng7 34. Rg3 1-0

[Event "GBR-ch72"]
[Site "Edinburgh"]
[Date "1985.08.07"]
[Round "9.9"]
[White "Howell, James C"]
[Black "Watson, William N"]
[Result "1/2-1/2"]
[WhiteElo "2370"]
[BlackElo "2435"]
[PlyCount "50"]
[EventDate "1985.07.29"]
[EventType "swiss"]
[EventRounds "11"]
[EventCountry "GBR"]
[SourceTitle "BritBase"]
[Source "John Saunders"]
[SourceDate "2020.09.07"]
[SourceVersion "1"]
[SourceVersionDate "2020.09.07"]
[SourceQuality "2"]

1. e4 c5 2. c3 d6 3. d4 Nf6 4. Bd3 cxd4 5. cxd4 g6 6. Nf3 Bg7 7. h3 e5 8. O-O
exd4 9. Nxd4 O-O 10. Nc3 d5 11. e5 Nfd7 12. f4 Nc5 13. Bc2 Nc6 14. Be3 Ne6 15.
Bb3 Nc7 16. Ndb5 Nxb5 17. Nxb5 g5 18. Qxd5 Qxd5 19. Bxd5 gxf4 20. Bxf4 Nxe5 21.
Bxe5 Bxe5 22. Rxf7 Rxf7 23. Rf1 Bd7 24. Rxf7 Bc6 25. Bb3 Kh8 1/2-1/2

[Event "GBR-ch72"]
[Site "Edinburgh"]
[Date "1985.08.07"]
[Round "9.12"]
[White "Pigott, John C"]
[Black "Barua, Dibyendu"]
[Result "1-0"]
[WhiteElo "2330"]
[BlackElo "2410"]
[PlyCount "63"]
[EventDate "1985.07.29"]
[EventType "swiss"]
[EventRounds "11"]
[EventCountry "GBR"]
[SourceTitle "BritBase"]
[Source "John Saunders"]
[SourceDate "2020.09.07"]
[SourceVersion "1"]
[SourceVersionDate "2020.09.07"]
[SourceQuality "2"]

1. d4 d5 2. c4 dxc4 3. e3 Nf6 4. Bxc4 e6 5. Nf3 Nc6 6. Nc3 a6 7. e4 Ne7 8. O-O
Ng6 9. Bg5 h6 10. Be3 Be7 11. h3 O-O 12. Bd3 b6 13. Qc2 Nh5 14. Ne5 Ngf4 15.
Bc4 Bd6 16. Ne2 Nxh3+ 17. gxh3 Qh4 18. Kg2 Bb7 19. f4 Bxe5 20. dxe5 f5 21.
Bxe6+ Kh8 22. Bd5 c6 23. Bb3 Rad8 24. Bxb6 Rd7 25. Qc5 Rb8 26. Qf2 Qxf2+ 27.
Kxf2 Rd2 28. Ke3 Rxb2 29. Bd4 Rxe2+ 30. Kxe2 Ng3+ 31. Ke3 Nxf1+ 32. Rxf1 1-0

[Event "GBR-ch72"]
[Site "Edinburgh"]
[Date "1985.08.07"]
[Round "9.13"]
[White "Muir, Andrew Joseph"]
[Black "Martin, Andrew D"]
[Result "0-1"]
[WhiteElo "2285"]
[BlackElo "2410"]
[PlyCount "72"]
[EventDate "1985.07.29"]
[EventType "swiss"]
[EventRounds "11"]
[EventCountry "GBR"]
[SourceTitle "BritBase"]
[Source "John Saunders"]
[SourceDate "2020.09.07"]
[SourceVersion "1"]
[SourceVersionDate "2020.09.07"]
[SourceQuality "2"]

1. d4 Nf6 2. c4 c5 3. d5 a6 4. Nc3 b5 5. cxb5 axb5 6. Nxb5 Ba6 7. Nc3 d6 8. e4
Bxf1 9. Kxf1 g6 10. g3 Bg7 11. Kg2 O-O 12. Nf3 Nbd7 13. Re1 Qc7 14. Re2 Rfb8
15. h3 Ne8 16. Rc2 Ne5 17. Nxe5 Bxe5 18. Qe2 Qd7 19. Nd1 Nc7 20. Bd2 Nb5 21.
Bc3 Nd4 22. Bxd4 Bxd4 23. Ne3 e6 24. Kh2 Bxe3 25. Qxe3 exd5 26. exd5 Qf5 27.
Rd2 Re8 28. Qc3 Re4 29. a3 h5 30. Kg2 Raa4 31. Rad1 h4 32. g4 Qg5 33. f3 Re5
34. f4 Rxf4 35. Rf1 Rxf1 36. Kxf1 Re3 0-1

[Event "GBR-ch72"]
[Site "Edinburgh"]
[Date "1985.08.07"]
[Round "9.14"]
[White "Bellin, Robert"]
[Black "Ravikumar, Vaidyanathan"]
[Result "1-0"]
[WhiteElo "2395"]
[BlackElo "2370"]
[PlyCount "69"]
[EventDate "1985.07.29"]
[EventType "swiss"]
[EventRounds "11"]
[EventCountry "GBR"]
[SourceTitle "BritBase"]
[Source "John Saunders"]
[SourceDate "2020.09.07"]
[SourceVersion "1"]
[SourceVersionDate "2020.09.07"]
[SourceQuality "2"]

1. d4 Nf6 2. Nf3 g6 3. Bg5 Bg7 4. Nbd2 O-O 5. c3 d6 6. e4 Nbd7 7. Be2 e5 8. O-O
h6 9. Bh4 Re8 10. dxe5 dxe5 11. Qc2 Qe7 12. Rfe1 b6 13. Nc4 Bb7 14. Nfd2 Qf8
15. a4 Nc5 16. f3 a5 17. Ne3 Ne6 18. Bb5 Red8 19. Bf1 Nf4 20. Ndc4 Re8 21. Rad1
Bc6 22. Na3 Bb7 23. Nb5 Ne6 24. Nd5 Nxd5 25. exd5 Nf4 26. d6 cxd6 27. Nxd6 Reb8
28. Bc4 Ne6 29. Bxe6 fxe6 30. Qxg6 Bd5 31. Ne4 Qf7 32. Nf6+ Kf8 33. Qxf7+ Kxf7
34. Nxd5 exd5 35. Rxd5 1-0

[Event "GBR-ch72"]
[Site "Edinburgh"]
[Date "1985.08.07"]
[Round "9.15"]
[White "Prasad, Devaki V"]
[Black "Motwani, Paul"]
[Result "1/2-1/2"]
[WhiteElo "2375"]
[BlackElo "2365"]
[PlyCount "62"]
[EventDate "1985.07.29"]
[EventType "swiss"]
[EventRounds "11"]
[EventCountry "GBR"]
[SourceTitle "BritBase"]
[Source "John Saunders"]
[SourceDate "2020.09.07"]
[SourceVersion "1"]
[SourceVersionDate "2020.09.07"]
[SourceQuality "2"]

1. e4 e6 2. d4 d5 3. Nd2 c5 4. exd5 exd5 5. Ngf3 Nc6 6. dxc5 Bxc5 7. Be2 Nge7
8. Nb3 Bb6 9. O-O O-O 10. Bf4 Ng6 11. Bg3 f5 12. h3 f4 13. Bh2 Kh8 14. c3 Nce5
15. Nbd4 Qf6 16. Qb3 Nxf3+ 17. Bxf3 Nh4 18. Qxd5 Bxd4 19. cxd4 Be6 20. Qxb7
Rab8 21. Qe4 Rbd8 22. Qe2 Bxh3 23. gxh3 Rfe8 24. Qd3 Rxd4 25. Qc3 Qg6+ 26. Bg4
Qe4 27. f3 Qe2 28. Rf2 Rd1+ 29. Rxd1 Qxd1+ 30. Rf1 Qe2 31. Rf2 Qd1+ 1/2-1/2

[Event "GBR-ch72"]
[Site "Edinburgh"]
[Date "1985.08.07"]
[Round "9.16"]
[White "Wells, Peter K"]
[Black "Thomson, Craig"]
[Result "1/2-1/2"]
[WhiteElo "2365"]
[BlackElo "2260"]
[PlyCount "115"]
[EventDate "1985.07.29"]
[EventType "swiss"]
[EventRounds "11"]
[EventCountry "GBR"]
[SourceTitle "BritBase"]
[Source "John Saunders"]
[SourceDate "2020.09.07"]
[SourceVersion "1"]
[SourceVersionDate "2020.09.07"]
[SourceQuality "2"]

1. d4 Nf6 2. Nf3 g6 3. c4 Bg7 4. Nc3 O-O 5. e4 d6 6. Be2 e5 7. O-O Nc6 8. d5
Ne7 9. Ne1 Nd7 10. Nd3 f5 11. Bd2 Nf6 12. f3 f4 13. c5 g5 14. Rc1 Ng6 15. cxd6
cxd6 16. Nb5 Ne8 17. a4 Rf7 18. Nf2 Bf8 19. Qb3 h5 20. Rc2 Rg7 21. h3 Nh4 22.
Rfc1 a6 23. Nc7 Rxc7 24. Rxc7 Nxc7 25. Ba5 Be7 26. Rxc7 Qe8 27. Qc3 Rb8 28. Bb6
Bd7 29. Ba7 Rc8 30. b3 Ng6 31. Kf1 Nh8 32. Nd3 Nf7 33. Nb2 Rxc7 34. Qxc7 b5 35.
Qb7 bxa4 36. bxa4 g4 37. hxg4 hxg4 38. Qxa6 gxf3 39. gxf3 Bh4 40. Bf2 Qe7 41.
Qb6 Bg3 42. a5 Qh4 43. Ke1 Qh1+ 44. Kd2 Qa1 45. Bxg3 fxg3 46. a6 g2 47. a7 Bb5
48. Bxb5 Qxb2+ 49. Kd3 Qb1+ 50. Ke2 Qa2+ 51. Kd3 Kg7 52. Qg1 Kf6 53. Bc6 Qa3+
54. Ke2 Qa2+ 55. Kd3 Qa3+ 56. Kc2 Qa2+ 57. Kc3 Qa3+ 58. Kc2 1/2-1/2